American History Trivia #2 - Statistics

General Stats
  • This quiz has been taken 265 times
  • The average score is 10 of 15
Answer Stats
Question Answer % Correct
#4 to above John F. Kennedy
94%
Name the four presidents who have been assassinated. Abraham Lincoln
93%
Who was president when World War II ended? Harry S. Truman
85%
What founding father was credited with the invention of bifocals? Benjamin Franklin
84%
What state was the birthplace of 4 of the first 5 presidents? Virginia
83%
What was the first state to join the Union? Delaware
68%
What was the second largest city in the United States in 1950? Chicago, IL
67%
#3 to above William McKinley
62%
In what city was Dr. King assassinated? Memphis, TN
61%
#2 to above James Garfield
60%
Name one territory that the United States gained as a result of the Spanish-American war. Phillipines, Guam, or Puerto Rico
60%
Who was the first president to die while in office? William Henry Harrison
56%
In what city was the above born? Boston, MA
53%
Who was his successor? John Tyler
45%
What Civil War battle resulted in the bloodiest day in American history? Battle of Antietam
42%
No matching quizzes found
Score Distribution
Percent of People with Each Score
Percentile by Number Answered
Your Score History
You have not taken this quiz